01251nam a2200349 a 4500001001200000003000800012006001900020007001500039008004100054010001700095015001500112020001500127040002100142035002100163050002300184082001200207100001900219245006600238260004900304300002300353490002400376504006400400533015200464650001300616650003600629650002200665655002900687710001700716830002500733856012600758999001700884ebr10313140CaPaEBRm u cr cn|||||||||031128s2003 stkb sb 001 0 eng d z 2004381946 aGBA3-86328 z1903765285 aCaPaEBRcCaPaEBR a(OCoLC)66691106614aBM562b.R67 2003eb04a2962221 aRosen, Jeremy.10aUnderstanding Judaismh[electronic resource] /cJeremy Rosen. aEdinburgh :bDunedin Academic Press,cc2003. ax, 150 p. :bmaps.1 aUnderstanding faith aIncludes bibliographical references (p. 144-145) and index. aElectronic reproduction.bPalo Alto, Calif. :cebrary,d2013.nAvailable via World Wide Web.nAccess may be limited to ebrary affiliated libraries. 0aJudaism. 0aJudaismxCustoms and practices. 0aJudaismxHistory. 7aElectronic books.2local2 aebrary, Inc. 0aUnderstanding faith.40uhttp://site.ebrary.com/lib/rucke/Doc?id=10313140zAn electronic book accessible through the World Wide Web; click to view c63432d63432